FRONTEX a jeho role v ochraně hranic EU

Problematika ochrany hraníc v Európskej únii. Vývoj Európskej agentúry pre riadenie operatívnej spolupráce na vonkajších hraniciach (FRONTEX). Miera kompetencie agentúry v EÚ. Vývoj a logika ochrany vonkajších hraníc EÚ.

Gespeichert in:
Bibliographische Detailangaben
1. Verfasser: Hrabálek, Martin
Format: Buchkapitel
Sprache:Tschechisch
Schlagworte:
Tags: Tag hinzufügen
Keine Tags, Fügen Sie das erste Tag hinzu!

MARC

LEADER 00000nla a2200000 4500
001 0157614
005 20240108072435.2
041 0 |a cze 
044 |a CZ 
245 1 0 |a FRONTEX a jeho role v ochraně hranic EU  |c Martin Hrabálek 
520 |a Problematika ochrany hraníc v Európskej únii. Vývoj Európskej agentúry pre riadenie operatívnej spolupráce na vonkajších hraniciach (FRONTEX). Miera kompetencie agentúry v EÚ. Vývoj a logika ochrany vonkajších hraníc EÚ. 
610 2 0 |a Európska únia 
610 2 0 |a hranice štátne 
610 2 0 |a kompetencie 
610 2 0 |a vzťahy medzinárodné 
610 2 0 |a pohyb síl pracovných medzinárodný 
610 2 0 |a spolupráca medzinárodná 
100 1 |a Hrabálek, Martin